Introducción a la sociología /

Guardado en:
Autor Principal: Pérez, Stella Maris, (comp.)
Otros Autores: Vecslir, Leila, (comp.), Burstein, Nidia., Romero Wimer, Fernando., Lis, Diana.
Formato: Desconocido
Idioma:Spanish
Publicado: Bahía Blanca : Ediuns, 2010.
Edición:1a. ed.
Series:Serie docencia
Materias:
Etiquetas: Agregar Etiqueta
Sin Etiquetas, Sea el primero en etiquetar este registro!
LEADER 00658nac a22002175a 4500
001 DER.der011179
008 180615s2010####ag#||||||||||||||#||spa||
005 20251226082622.0
245 1 0 |a Introducción a la sociología /  |c compilado por Stella Maris Pérez, Leila Vecslir. 
250 |a 1a. ed. 
260 |a Bahía Blanca :  |b Ediuns,  |c 2010. 
300 |a 193 p. 
440 0 |a Serie docencia 
020 |a 9789871620241 
100 1 |a Pérez, Stella Maris,  |e comp. 
700 1 |a Vecslir, Leila,  |e comp. 
700 1 |a Burstein, Nidia. 
700 1 |a Romero Wimer, Fernando. 
700 1 |a Lis, Diana. 
650 7 |a SOCIOLOGIA 
859 |a DERECHO  |b BIB. DERECHO  |h 301  |i INT  |p 006606